| 000 | 01208nam a2200253Ia 4500 | ||
|---|---|---|---|
| 999 |
_c34505 _d34505 |
||
| 001 | 254 | ||
| 003 | GE_BSU | ||
| 005 | 20250417120520.0 | ||
| 008 | 181216s2005||||ge |||||||||||||| ||geo|| | ||
| 020 | _a9994085379 | ||
| 040 | _cGE_BSU | ||
| 041 | _ageo | ||
| 080 | _a577.1(075.8) ა-48 | ||
| 100 |
_aალექსიძე, ნუგზარ _92610 |
||
| 245 |
_aზოგადი ბიოქიმიის საფუძვლები : _bსახელმძღვ. სტუდენტებისატვის / _cნუგზარ ალექსიძე, რედ.რ. სოლომონია, ა.შალაშვილი |
||
| 250 | _aმე-3 გამოც. | ||
| 264 |
_aთბილისი : _bთბილისის უნივერსიტეტის გამომცემლობა, _c2005 |
||
| 300 |
_a522 გვ.: _b 26 სმ. |
||
| 653 | _aბიოქიმია | ||
| 653 | _aზოგადი ბიოქიმიის საფუძვლები | ||
| 700 |
_aსოლომონია, რ _eრედაქტორი _99118 |
||
| 700 |
_a შალაშვილი, ა _eრედაქტორი _924863 |
||
| 942 |
_cBK _2udc |
||